| 000 | 00474nam a2200205Ia 4500 | ||
|---|---|---|---|
| 001 | 12594 | ||
| 003 | GE_BSU | ||
| 008 | 181216s||||||||xx |||||||||||||| ||und|| | ||
| 020 | _a9780061667848 | ||
| 040 | _cGE_BSU | ||
| 080 | _a821.111-312.4 | ||
| 100 | _aSparks,Kerrelyn. | ||
| 245 | _aForbidden nights with a vampire. | ||
| 260 | _aNew York. | ||
| 260 | _bAvon. | ||
| 260 | _c2009 | ||
| 300 | _a372p;17cm. | ||
| 653 | _aForbidden nights with a vampire. | ||
| 942 | _cBK | ||
| 999 |
_c45767 _d45767 |
||